[Event "American Continental"]
[Site "Buenos Aires ARG"]
[Date "2005.08.10"]
[Round "5"]
[White "Blit,J"]
[Black "Duje,R"]
[Result "0-1"]
[WhiteElo "2278"]
[BlackElo "2146"]
[EventDate "2005.08.06"]

1. e4 c5 2. Nf3 d6 3. d4 cxd4 4. Nxd4 Nf6 5. Nc3 a6 6. f4 e6 7. Be2 Be7 8.
O-O Nc6 9. Be3 Qc7 10. Kh1 O-O 11. Qe1 Nxd4 12. Bxd4 e5 13. fxe5 dxe5 14.
Qg3 Bd6 15. Be3 Kh8 16. Bg5 Be7 17. Bxf6 Bxf6 18. Nd5 Qxc2 19. Bd3 Qc6 20.
Nxf6 gxf6 21. Qh4 Rg8 22. Rxf6 Be6 23. Raf1 Rg7 24. Rh6 Qd7 25. Rf3 Qd8 26.
h3 Qxh4 27. Rxh4 Bxa2 28. Rf6 Rd8 29. Be2 Rd2 30. Bf3 Rxb2 31. Rh5 Be6 32.
Rxe5 b6 33. Rh5 a5 34. e5 a4 35. Rhh6 Kg8 0-1

[Event "American Continental"]
[Site "Buenos Aires ARG"]
[Date "2005.08.10"]
[Round "5"]
[White "Ronco,R"]
[Black "Tobares,L"]
[Result "1/2-1/2"]
[WhiteElo "2144"]
[BlackElo "2260"]
[EventDate "2005.08.06"]

1. Nf3 Nf6 2. c4 e6 3. Nc3 Bb4 4. Qc2 O-O 5. a3 Bxc3 6. Qxc3 b6 7. g3 Bb7
8. Bg2 d5 9. cxd5 exd5 10. O-O c5 11. d4 Nc6 12. Be3 Ne4 13. Qc2 c4 14.
Rad1 f6 15. Nd2 Nxd2 16. Rxd2 Na5 17. f3 Nb3 18. Rdd1 b5 19. Bf2 a5 20.
Rfe1 b4 21. axb4 axb4 22. e4 Ra2 23. e5 Bc6 24. e6 Re8 25. f4 c3 26. e7 Qd7
27. Be4 dxe4 28. Qxb3+ Qd5 29. Qxd5+ Bxd5 30. bxc3 bxc3 31. Rc1 Ra3 32. Re2
Rxe7 1/2-1/2

[Event "American Continental"]
[Site "Buenos Aires ARG"]
[Date "2005.08.10"]
[Round "5"]
[White "Bustamante,O"]
[Black "Minaya,J"]
[Result "0-1"]
[WhiteElo "2141"]
[BlackElo "2255"]
[EventDate "2005.08.06"]

1. d4 g6 2. e4 Bg7 3. Nc3 c5 4. dxc5 Qa5 5. Nge2 Nf6 6. e5 Ng4 7. f4 Qxc5
8. Qd4 Qa5 9. Bd2 Nc6 10. Nd5 Qd8 11. Qc4 d6 12. h3 Nh6 13. Bc3 O-O 14.
O-O-O dxe5 15. Nf6+ exf6 16. Rxd8 Rxd8 17. g4 Be6 18. Qb5 Bd5 19. Rg1 Rd7
20. Bg2 Bxg2 21. Rxg2 Rad8 22. b3 Kh8 23. Ng3 exf4 24. Ne4 Ng8 25. Rd2 f3
26. Rxd7 Rxd7 27. g5 fxg5 28. Bxg7+ Kxg7 29. Nxg5 f2 30. Ne4 Rd5 31. Qf1
Rf5 32. Nxf2 Nf6 33. Qe1 g5 34. Kb2 h5 35. Qg1 Kg6 36. Qg3 Ne5 37. h4 Nfg4
38. Ne4 Rf3 39. Qe1 Re3 40. Qb4 gxh4 41. Nd6 h3 42. Qxb7 h2 43. Qa8 Re1 44.
Qg8+ Kf6 45. Qd8+ Ke6 46. Ne8 Kf5 47. Nd6+ Kf4 48. Nxf7 h1=Q 0-1

[Event "American Continental"]
[Site "Buenos Aires ARG"]
[Date "2005.08.10"]
[Round "5"]
[White "Cuevas,A"]
[Black "Zukerfeld,A"]
[Result "0-1"]
[WhiteElo "2017"]
[BlackElo "2237"]
[EventDate "2005.08.06"]

1. e4 c5 2. Nf3 d6 3. c4 e5 4. Nc3 g6 5. d3 Bg7 6. g3 Ne7 7. Bg2 O-O 8. O-O
Nbc6 9. Ne1 f5 10. Nd5 Nxd5 11. exd5 Nd4 12. f4 b5 13. fxe5 Bxe5 14. Bh6
Re8 15. Qd2 Rb8 16. Rb1 bxc4 17. dxc4 Ba6 18. Qd3 Qf6 19. Be3 Qe7 20. Bf2
Bg7 21. b4 Ne2+ 22. Kh1 Nc3 23. Rb3 cxb4 24. Nc2 Qe2 25. Qxe2 Rxe2 26. Rxb4
Rxb4 27. Nxb4 Bxc4 28. a3 a5 29. Nc6 Ra2 0-1

[Event "American Continental"]
[Site "Buenos Aires ARG"]
[Date "2005.08.10"]
[Round "5"]
[White "Idiarte Borda,J"]
[Black "Utman,C"]
[Result "0-1"]
[WhiteElo "2157"]
[BlackElo "2341"]
[EventDate "2005.08.06"]

1. Nf3 Nf6 2. d4 g6 3. c4 Bg7 4. Nc3 O-O 5. e4 d6 6. Be2 e5 7. dxe5 dxe5 8.
Qxd8 Rxd8 9. Bg5 Re8 10. Nd5 Nxd5 11. cxd5 c6 12. Bc4 cxd5 13. Bxd5 Na6 14.
Nd2 Nb4 15. Bb3 h6 16. Be3 Be6 17. Ke2 Bxb3 18. axb3 a6 19. Rhc1 Rac8 20.
Nc4 Rc6 21. Bd2 Bf8 22. Na5 Rc2 23. Nc4 Rd8 24. Ra5 Rdxd2+ 25. Nxd2 Rxc1
26. Rxe5 Rc2 27. Re8 Kg7 28. Rd8 Be7 29. Rd7 Bg5 30. Kd1 Rxd2+ 31. Rxd2
Bxd2 32. Kxd2 b5 33. f4 Kf6 34. Kc3 Nc6 35. g4 Ke6 36. h3 a5 37. Kd3 Kd6
38. h4 f6 39. Ke3 g5 40. fxg5 fxg5 41. hxg5 hxg5 0-1

[Event "American Continental"]
[Site "Buenos Aires ARG"]
[Date "2005.08.10"]
[Round "5"]
[White "Parrilli,F"]
[Black "Critelli,J"]
[Result "1-0"]
[WhiteElo "2140"]
[BlackElo "2318"]
[EventDate "2005.08.06"]

1. e4 c5 2. Nf3 d6 3. d4 cxd4 4. Nxd4 Nf6 5. Nc3 a6 6. Bg5 e6 7. f4 Nbd7 8.
Bc4 b5 9. Bxe6 fxe6 10. Nxe6 Qa5 11. O-O Bb7 12. Nd5 Bxd5 13. exd5 Kf7 14.
Qe2 Re8 15. Rae1 b4 16. Qc4 h6 17. Bh4 Be7 18. Qd3 Qxd5 19. Qg3 Nh5 20. Qg4
Bxh4 21. Ng5+ Bxg5 22. Qxh5+ Kg8 23. Rxe8+ Kh7 24. Rxh8+ Kxh8 25. fxg5 Qxg5
26. Qe8+ 1-0

[Event "American Continental"]
[Site "Buenos Aires ARG"]
[Date "2005.08.10"]
[Round "5"]
[White "Malajovich,S"]
[Black "Duarte,L"]
[Result "1/2-1/2"]
[WhiteElo "2126"]
[BlackElo "2317"]
[EventDate "2005.08.06"]

1. Nf3 Nf6 2. c4 c5 3. Nc3 Nc6 4. d4 cxd4 5. Nxd4 e6 6. Nc2 Be7 7. e4 b6 8.
Be2 Bb7 9. O-O O-O 10. f4 d6 11. b3 a6 12. Be3 Nb8 13. Bf3 Nbd7 14. Qe2 Qc7
15. Bd2 Rac8 16. Kh1 Qb8 17. Nd4 Rfe8 18. Rae1 e5 19. Nf5 Bf8 20. Qf2 Kh8
21. Qh4 b5 22. fxe5 Nxe5 23. cxb5 axb5 24. Nxb5 Rc2 25. Bc3 Ng6 26. Qg5
Nxe4 27. Bxe4 Bxe4 28. Rxe4 Qxb5 29. Bxg7+ Bxg7 30. Rxe8+ Qxe8 31. Nxd6 Qe2
32. Rb1 Qe6 33. Qd8+ Nf8 34. a4 Re2 35. Rg1 Re1 36. Nxf7+ Kg8 37. Qd3 Qxb3
38. Nh6+ 1/2-1/2

[Event "American Continental"]
[Site "Buenos Aires ARG"]
[Date "2005.08.10"]
[Round "5"]
[White "Farfan Ortiz,A"]
[Black "Fedrizzi,A"]
[Result "0-1"]
[WhiteElo "2285"]
[BlackElo "2119"]
[EventDate "2005.08.06"]

1. e4 c5 2. Nf3 Nc6 3. d4 cxd4 4. Nxd4 Nf6 5. Nc3 e5 6. Ndb5 d6 7. Bg5 a6
8. Na3 b5 9. Nd5 Be7 10. Nxe7 Nxe7 11. Bd3 d5 12. Bxf6 gxf6 13. Qh5 b4 14.
Nb1 f5 15. exd5 Qxd5 16. Nd2 Be6 17. Bc4 Qc6 18. Bxe6 Qxe6 19. O-O O-O 20.
Nf3 f6 21. a3 Kh8 22. Rfe1 Rg8 23. axb4 Rg4 24. c3 Qd5 25. h3 Rg6 26. Rad1
Qe6 27. Nh4 Rg5 28. Qf3 Rag8 29. Rd2 Qc4 30. g4 h5 31. Qe2 Qxe2 32. Rexe2
fxg4 33. Kh2 Nf5 34. Nxf5 Rxf5 35. hxg4 Rxg4 36. Re3 h4 37. f3 Rg3 38. Re4
Rfxf3 39. Rxh4+ Kg7 40. Rc4 Rh3+ 41. Kg2 Kg6 42. Rc6 Rhg3+ 43. Kh2 Rh3+ 44.
Kg2 Kg5 45. Rxa6 Kg4 46. Rf2 Rh2+ 47. Kxh2 Rxf2+ 48. Kg1 Kg3 49. Ra1 f5 50.
Rb1 Rg2+ 51. Kf1 Rh2 52. Kg1 f4 53. b3 f3 54. Rf1 Rg2+ 55. Kh1 f2 0-1

[Event "American Continental"]
[Site "Buenos Aires ARG"]
[Date "2005.08.10"]
[Round "5"]
[White "Cerda,G"]
[Black "Varela,D"]
[Result "1-0"]
[WhiteElo "2237"]
[BlackElo "2113"]
[EventDate "2005.08.06"]

1. e4 c5 2. Nf3 Nc6 3. d4 cxd4 4. Nxd4 Nf6 5. Nc3 e5 6. Ndb5 d6 7. Bg5 a6
8. Na3 b5 9. Bxf6 gxf6 10. Nd5 f5 11. exf5 Bxf5 12. c3 Bg7 13. Nc2 O-O 14.
Nce3 Be6 15. g3 Rb8 16. Bg2 f5 17. Qh5 Ne7 18. O-O f4 19. Nxe7+ Qxe7 20.
Be4 h6 21. Qg6 Rf7 22. Nf5 Bxf5 23. Bxf5 Qf6 24. Qxf6 Rxf6 25. Be4 fxg3 26.
fxg3 Kf7 27. Rad1 Ke6 28. Bd5+ Ke7 29. Rxf6 Bxf6 30. Kf2 a5 31. Ke3 Kd7 32.
Ke4 b4 33. h4 bxc3 34. bxc3 Rb2 35. Kf5 Be7 36. Kg6 Bf8 37. g4 Be7 38. g5
hxg5 39. hxg5 Rc2 40. Rd3 Rf2 41. a4 Rf4 42. Rg3 Rxa4 43. c4 Ra2 44. Kh7
Rh2+ 45. Kg8 Rh4 46. g6 e4 47. g7 a4 48. Kf7 Rf4+ 49. Kg6 Rf6+ 50. Kh7 Bf8
51. gxf8=Q Rxf8 52. Rg7+ Kc8 53. Bxe4 Rf4 54. Bd5 Rh4+ 55. Kg8 Rh2 56. Ra7
Ra2 57. Kf7 a3 58. Ke6 Kb8 59. Rb7+ Kc8 60. Kxd6 Rb2 61. Ra7 Rb6+ 62. Bc6
1-0

[Event "American Continental"]
[Site "Buenos Aires ARG"]
[Date "2005.08.10"]
[Round "5"]
[White "Daneri,M"]
[Black "Lo Presti,R"]
[Result "1-0"]
[WhiteElo "2220"]
[BlackElo "2068"]
[EventDate "2005.08.06"]

1. g3 Nf6 2. Bg2 e6 3. Nf3 d5 4. O-O c5 5. d3 Be7 6. Nbd2 Nc6 7. e4 b6 8.
Re1 Bb7 9. c3 Qc7 10. a3 Rc8 11. b4 dxe4 12. dxe4 O-O 13. Qe2 Nd7 14. e5
Rfd8 15. h4 Nf8 16. h5 cxb4 17. axb4 a5 18. b5 Nb8 19. Ba3 Bxa3 20. Rxa3
Nfd7 21. h6 g6 22. Ne4 Bxe4 23. Qxe4 Qc5 24. Ra4 Qxc3 25. Rd4 Qc5 26. Red1
Qxb5 27. Qh4 Qc5 28. Rd6 b5 29. Bh3 Qc4 30. R1d4 Qc1+ 31. Kg2 a4 32. Nd2 a3
33. Bxe6 fxe6 34. Qe7 1-0

[Event "American Continental"]
[Site "Buenos Aires ARG"]
[Date "2005.08.10"]
[Round "5"]
[White "Elias,L"]
[Black "Herrera,Mart"]
[Result "1/2-1/2"]
[WhiteElo "2061"]
[BlackElo "2192"]
[EventDate "2005.08.06"]

1. e4 e5 2. f4 exf4 3. Nf3 g5 4. h4 g4 5. Ne5 d6 6. Nc4 Bg7 7. d4 Nf6 8.
Nc3 Nh5 9. Ne2 f3 10. Nf4 Ng3 11. Rh2 f2+ 12. Kxf2 Nxe4+ 13. Ke1 g3 14. Rh1
O-O 15. Bd3 Nf2 1/2-1/2

[Event "American Continental"]
[Site "Buenos Aires ARG"]
[Date "2005.08.10"]
[Round "5"]
[White "Bibiloni,J"]
[Black "Toniutti,E"]
[Result "1-0"]
[WhiteElo "2178"]
[BlackElo "2051"]
[EventDate "2005.08.06"]

1. e4 c5 2. d3 Nc6 3. g3 d6 4. Bg2 Nf6 5. f4 g6 6. Nf3 Bg7 7. O-O Bd7 8. h3
h5 9. c3 Qc8 10. Ng5 Qc7 11. a4 e6 12. Na3 Ne7 13. Nc4 O-O 14. Qe1 Rad8 15.
e5 Ne8 16. g4 d5 17. Ne3 f6 18. exf6 Nxf6 19. Qg3 Bc8 20. Bd2 Qb6 21. b3
Qc7 22. Rae1 Rfe8 23. Re2 Nc6 24. Nc2 e5 25. f5 hxg4 26. hxg4 d4 27. c4 Qd6
28. fxg6 Ne7 29. Nf7 Qe6 30. Nxd8 Rxd8 31. g5 Nf5 32. Qxe5 Qxe5 33. Rxe5
Ng4 34. Rexf5 Bxf5 35. Rxf5 Re8 36. Bd5+ Kh8 37. Rf4 1-0

[Event "American Continental"]
[Site "Buenos Aires ARG"]
[Date "2005.08.10"]
[Round "5"]
[White "Bermudes,E"]
[Black "Benko,F"]
[Result "1-0"]
[WhiteElo "2190"]
[BlackElo "2090"]
[EventDate "2005.08.06"]

1. g3 d5 2. Bg2 e5 3. Nf3 e4 4. Nd4 c5 5. Nb3 Nc6 6. d3 Bf5 7. O-O Nf6 8.
Nc3 exd3 9. cxd3 Be7 10. Bg5 Be6 11. Bxf6 gxf6 12. d4 c4 13. Nc5 f5 14.
Nxb7 Qd7 15. Nc5 Bxc5 16. dxc5 Ne7 17. Qd4 O-O 18. Rfd1 Rfd8 19. e3 Rac8
20. Rd2 Qc6 21. Rad1 Qxc5 22. Qf6 Rd7 23. Rd4 Rcd8 24. Ne2 Ng6 25. Nf4 Qe7
26. Nh5 Qf8 27. R4d2 Qh6 28. Bf3 Rd6 29. Qd4 a6 30. h4 Ne7 31. Nf6+ Kf8 32.
Nh5 Nc6 33. Qc3 Ne7 34. Kg2 Bc8 35. Qh8+ Ng8 36. Qe5 Be6 37. Qc3 Ne7 38.
Nf4 Qg7 39. Qa3 Kg8 40. h5 h6 41. Qc5 Qe5 42. Qd4 Qg7 43. Qa7 Qf6 44. Qd4
Qxd4 45. exd4 Kg7 46. Re1 Kf6 47. Ne2 Rb6 48. Nc3 Rdb8 49. Ree2 Rd8 50. Na4
Rbd6 51. Nc5 Rc8 52. Nb7 Rb6 53. Nc5 Re8 54. Re3 Rd8 55. Ra3 Rdd6 56. Na4
Rbc6 57. Nc3 Rc7 58. Ra5 Bc8 59. Nxd5+ Nxd5 60. Rxd5 Rxd5 61. Bxd5 Bb7 62.
Bxb7 Rxb7 63. Kf3 Rd7 64. Kf4 Rd5 65. Ke3 Rd8 66. Rc2 Rb8 67. Kd2 Ke6 68.
Kc3 Kd5 69. Re2 f6 70. Re3 Rg8 71. Re7 f4 72. gxf4 Rg4 73. Rd7+ Ke6 74. Rh7
Rxf4 75. Rxh6 Kd5 76. Rg6 a5 77. Rg3 Rxf2 78. Rh3 Rg2 1-0

[Event "American Continental"]
[Site "Buenos Aires ARG"]
[Date "2005.08.10"]
[Round "5"]
[White "Perez Wertheim,R"]
[Black "Bendana,G"]
[Result "1/2-1/2"]
[WhiteElo "1999"]
[BlackElo "2155"]
[EventDate "2005.08.06"]

1. d4 Nf6 2. Nf3 g6 3. Bg5 Ne4 4. Bf4 Bg7 5. Nbd2 d5 6. e3 O-O 7. Nxe4 dxe4
8. Ne5 Nd7 9. Nc4 b6 10. h4 Nf6 11. Be2 h6 12. Ne5 Bb7 13. c4 c5 14. d5 b5
1/2-1/2

[Event "American Continental"]
[Site "Buenos Aires ARG"]
[Date "2005.08.10"]
[Round "5"]
[White "Borda,A"]
[Black "Leeuw,P"]
[Result "1/2-1/2"]
[WhiteElo "2131"]
[BlackElo "2088"]
[EventDate "2005.08.06"]

1. e4 e6 2. d4 d5 3. exd5 exd5 4. Bd3 Bd6 5. Nf3 Ne7 6. O-O O-O 7. Bg5 f6
8. Bh4 Nf5 9. Nbd2 Nxh4 10. Nxh4 f5 11. Nhf3 Qf6 12. c3 Be6 13. Re1 Nd7 14.
Ne5 Bxe5 15. dxe5 Nxe5 16. Bc2 Rae8 17. Nb3 c6 18. Qd4 Bc8 19. Nd2 b6 20.
Qa4 a6 21. Qb3 b5 22. Qb4 Nf7 23. Nf3 Qd6 24. Qh4 Ne5 25. Nxe5 Rxe5 26. f4
Ree8 27. b4 Bd7 28. Qf2 Qf6 29. Qd2 Rxe1+ 30. Rxe1 Re8 31. Rxe8+ Bxe8 32.
Qe3 Kf7 33. Qa7+ Kg6 34. g4 Qxc3 35. Bxf5+ Kf6 36. Qc7 Qe3+ 37. Kg2 g6 38.
Bc8 Qe7 39. Qb8 Bd7 40. g5+ Kf7 41. Bxd7 Qxd7 42. Kg3 Qe7 43. Qh8 Ke6 44.
Qc8+ Kd6 45. Qb8+ Ke6 46. Qc8+ Kf7 47. Qh8 Qe3+ 48. Kg4 Qg1+ 49. Kh3
1/2-1/2

[Event "American Continental"]
[Site "Buenos Aires ARG"]
[Date "2005.08.10"]
[Round "5"]
[White "Alaluf,A"]
[Black "Barros,R"]
[Result "1-0"]
[WhiteElo "2091"]
[BlackElo "2080"]
[EventDate "2005.08.06"]

1. d4 c5 2. d5 e5 3. Nc3 d6 4. e4 a6 5. a4 Ne7 6. Nf3 Ng6 7. g3 Be7 8. Bg2
O-O 9. h4 Re8 10. h5 Nf8 11. Nd2 Nbd7 12. Nc4 b6 13. Be3 Rb8 14. f3 h6 15.
Ra3 Nh7 16. Rb3 Ndf8 17. f4 f6 18. Bf3 Bd7 19. Bg4 b5 20. Bxd7 Qxd7 21.
axb5 axb5 22. Na5 b4 23. Nc6 Ra8 24. Nb5 Ra4 25. Kf2 c4 26. Nc3 bxc3 27.
Rb5 Bd8 28. Kf3 cxb2 29. Rxb2 exf4 30. gxf4 c3 31. Rb4 Rxb4 32. Nxb4 f5 33.
e5 dxe5 34. Rg1 Bf6 35. fxe5 Rxe5 36. Bxh6 Qa7 37. Nc6 Rxd5 38. Qxd5+ 1-0

[Event "American Continental"]
[Site "Buenos Aires ARG"]
[Date "2005.08.11"]
[Round "6"]
[White "Felgaer,R"]
[Black "Hernandez,Gi"]
[Result "1/2-1/2"]
[WhiteElo "2618"]
[BlackElo "2518"]
[EventDate "2005.08.06"]

1. e4 e6 2. d4 d5 3. Nc3 dxe4 4. Nxe4 Nd7 5. Bd3 Ngf6 6. Ne2 c5 7. O-O Be7
8. b3 O-O 9. Bb2 b6 10. c4 Bb7 11. Qc2 Nxe4 12. Bxe4 Bxe4 13. Qxe4 Bf6 14.
Rad1 Qc7 15. Rd2 Rad8 16. Rfd1 Rfe8 17. Qg4 Kf8 18. Nc3 a5 19. Ne4 Bxd4 20.
Bxd4 cxd4 21. Rxd4 f5 22. Qf3 Ne5 23. Qf4 Rxd4 24. Rxd4 Re7 25. Ng5 h6 26.
Nf3 Nc6 27. Qxc7 Rxc7 28. Rd2 1/2-1/2

[Event "American Continental"]
[Site "Buenos Aires ARG"]
[Date "2005.08.11"]
[Round "6"]
[White "Milman,L"]
[Black "Spraggett,K"]
[Result "1/2-1/2"]
[WhiteElo "2459"]
[BlackElo "2592"]
[EventDate "2005.08.06"]

1. e4 c5 2. Nf3 e6 3. d4 cxd4 4. Nxd4 a6 5. Bd3 Bc5 6. Nb3 Ba7 7. Qe2 Nc6
8. O-O Nge7 9. c4 e5 10. Nc3 d6 11. Be3 O-O 12. Rfd1 Be6 13. Bxa7 Rxa7 14.
Qe3 Qb8 15. Bf1 f5 16. exf5 Nxf5 17. Qe4 Qc7 18. Rd2 Raa8 19. Rad1 Rae8 20.
c5 Nfd4 21. cxd6 Qxd6 22. Bd3 g6 23. Nc1 b5 24. Qe3 Rd8 25. Qg5 Bf5 26. Ne4
Qe6 27. Nc5 Qc8 28. N1b3 Nb4 29. Bxf5 Rxf5 30. Qe7 Re8 31. Qd6 Rd8 1/2-1/2

[Event "American Continental"]
[Site "Buenos Aires ARG"]
[Date "2005.08.11"]
[Round "6"]
[White "Ivanov,AV USA"]
[Black "Mekhitarian,K"]
[Result "1-0"]
[WhiteElo "2566"]
[BlackElo "2218"]
[EventDate "2005.08.06"]

1. e4 c5 2. Nf3 d6 3. d4 cxd4 4. Nxd4 Nf6 5. Nc3 a6 6. g3 e5 7. Nde2 b5 8.
Bg5 Nbd7 9. Nd5 Be7 10. Bxf6 Nxf6 11. Nec3 Bb7 12. Nxf6+ Bxf6 13. a4 b4 14.
Nd5 Bxd5 15. Qxd5 O-O 16. Bc4 Be7 17. O-O-O Qb6 18. Kb1 Rac8 19. Bb3 Rc5
20. Qd3 Qc6 21. h4 Ra5 22. Qf3 d5 23. exd5 Qd6 24. g4 Bd8 25. Qg3 f5 26.
gxf5 Rxf5 27. Qg4 Rxf2 28. Qe6+ Qxe6 29. dxe6 Be7 30. Rd7 Kf8 31. Rhd1 e4
32. Rb7 g6 33. Rdd7 e3 34. Rb8+ Kg7 35. Rxe7+ Kh6 36. Rbb7 Kh5 37. Rxb4 1-0

[Event "American Continental"]
[Site "Buenos Aires ARG"]
[Date "2005.08.11"]
[Round "6"]
[White "Garcia,Gild"]
[Black "Milos,G"]
[Result "0-1"]
[WhiteElo "2453"]
[BlackElo "2606"]
[EventDate "2005.08.06"]

1. e4 c5 2. Nf3 Nc6 3. d4 cxd4 4. Nxd4 Nf6 5. Nc3 d6 6. Bg5 e6 7. Qd2 a6 8.
O-O-O Bd7 9. f4 b5 10. Nf3 b4 11. Bxf6 Qxf6 12. Na4 Qd8 13. Qe3 Rb8 14. b3
Be7 15. e5 d5 16. Kb1 Qa5 17. Bd3 Rb7 18. g4 Na7 19. Nb2 Bc5 20. Qe1 Nb5
21. Bxb5 axb5 22. Nd3 Ra7 23. Nc1 O-O 24. Qd2 Qb6 25. Rhe1 Rfa8 26. Re2 Ra6
27. Qd3 g6 28. Ng5 Be7 29. Qd4 Bc5 30. Qd3 h6 31. Ne4 dxe4 32. Qxd7 R6a7
33. Qd2 Qc6 34. c3 e3 35. Qc2 Qf3 36. cxb4 Bxb4 37. f5 Bd2 38. fxe6 Qxg4
39. exf7+ Rxf7 40. e6 Re7 41. h3 Qf5 42. Qxf5 gxf5 43. Rf1 Rf8 44. Rg2+ Kh7
45. Ne2 Rxe6 46. Kc2 Rc6+ 47. Kb2 Rf7 48. Nf4 Rd6 49. a3 Rd4 50. b4 Rxf4
51. Rxf4 e2 52. Rxf5 Bc1+ 53. Ka2 Rxf5 54. Rxe2 Rf3 55. Re5 Rxh3 56. Rxb5
Rxa3+ 57. Kb1 Bf4 58. Kc2 Kg6 59. Ra5 Re3 60. b5 Re5 61. Ra4 Kf5 62. Rb4 h5
63. b6 h4 64. b7 Re8 65. Rc4 Rb8 66. Rb4 h3 67. Kd3 h2 0-1

[Event "American Continental"]
[Site "Buenos Aires ARG"]
[Date "2005.08.12"]
[Round "7"]
[White "Milos,G"]
[Black "Milman,L"]
[Result "1-0"]
[WhiteElo "2606"]
[BlackElo "2459"]
[EventDate "2005.08.06"]

1. e4 c5 2. Nf3 e6 3. d4 cxd4 4. Nxd4 a6 5. Bd3 Nf6 6. O-O Qc7 7. Qe2 d6 8.
c4 Nbd7 9. f4 Be7 10. Kh1 b6 11. Nc3 O-O 12. Bd2 Re8 13. Rae1 Bb7 14. Bb1
Rad8 15. b3 Bf8 16. Qf3 g6 17. Qh3 Bg7 18. Nf3 Qc5 19. e5 dxe5 20. fxe5 Nh5
21. Be4 Qc7 22. Bxb7 Qxb7 23. Bg5 Rb8 24. Ne4 Qc6 25. Nd6 Rf8 26. Nd4 Qc5
27. Nxe6 fxe6 28. Qxe6+ Kh8 29. Qxd7 Bxe5 30. Nf7+ Kg8 31. Be7 1-0

[Event "American Continental"]
[Site "Buenos Aires ARG"]
[Date "2005.08.12"]
[Round "7"]
[White "Ibragimov,I"]
[Black "Sunye Neto,J"]
[Result "1-0"]
[WhiteElo "2605"]
[BlackElo "2530"]
[EventDate "2005.08.06"]

1. d4 Nf6 2. c4 e6 3. Nf3 b6 4. g3 Bb7 5. Bg2 Be7 6. O-O O-O 7. Re1 d5 8.
cxd5 exd5 9. Nc3 c5 10. Bf4 Na6 11. Rc1 Ne4 12. dxc5 Naxc5 13. Be5 Re8 14.
Nb5 Nd6 15. Nxd6 Bxd6 16. Bxd6 Qxd6 17. Nd4 Rad8 18. e3 g6 19. Re2 a5 20.
Rd2 Qe5 21. Nb5 Qe7 22. Nc3 Ne4 23. Rd3 h5 24. h4 Qf6 25. Rc2 Qe7 26. Nxd5
Bxd5 27. Rxd5 Rxd5 28. Qxd5 Nf6 29. Qc6 Rd8 30. Bf3 Rd6 31. Qc8+ Kg7 32.
Qc3 Kh7 33. Qc7 Qe6 34. a3 Ng4 35. Bxg4 hxg4 36. Qc4 Rd1+ 37. Kh2 Qxc4 38.
Rxc4 Rd2 39. Kg2 Rxb2 40. Rxg4 b5 41. Rd4 f5 42. e4 fxe4 43. Rxe4 a4 44.
Re7+ Kg8 45. Rb7 Rb3 46. g4 Kf8 47. f3 Rxa3 48. Rxb5 Rb3 49. Ra5 a3 50. Ra7
Rc3 51. Kg3 Rb3 52. Kf4 Rc3 53. Kg5 Rxf3 54. Kxg6 Rf4 55. Kg5 Rf3 56. h5
Rb3 57. h6 Kg8 58. Kh5 1-0

[Event "American Continental"]
[Site "Buenos Aires ARG"]
[Date "2005.08.12"]
[Round "7"]
[White "Spraggett,K"]
[Black "Quezada,Y"]
[Result "1-0"]
[WhiteElo "2592"]
[BlackElo "2522"]
[EventDate "2005.08.06"]

1. e4 c5 2. Nf3 d6 3. d4 cxd4 4. Nxd4 Nf6 5. Nc3 a6 6. Bg5 e6 7. f4 Qb6 8.
Qd2 Nc6 9. Bxf6 gxf6 10. Nb3 Bd7 11. O-O-O O-O-O 12. Be2 h5 13. Rhf1 Kb8
14. Kb1 Be7 15. Rf3 h4 16. Bf1 Qc7 17. Qe1 Bc8 18. a3 Rh5 19. Be2 Rg8 20.
Re3 Rhh8 21. Bf3 Rd8 22. Nd5 exd5 23. exd5 Ne5 24. fxe5 fxe5 25. Rc3 Qb6
26. Na5 Rde8 27. Rb3 Qc5 28. Rdd3 Ka7 29. Nxb7 Bxb7 30. Rdc3 Qa5 31. Rxb7+
Kxb7 32. Rb3+ Qb6 33. Rxb6+ Kxb6 34. Be2 Ra8 35. Qb4+ Kc7 36. Qc4+ Kd8 37.
Qc6 Rc8 38. Qxa6 f5 39. Bb5 Rg8 40. Qb6+ Rc7 41. Ba6 1-0

[Event "American Continental"]
[Site "Buenos Aires ARG"]
[Date "2005.08.12"]
[Round "7"]
[White "Kudrin,S"]
[Black "Zambrana,O"]
[Result "1/2-1/2"]
[WhiteElo "2559"]
[BlackElo "2421"]
[EventDate "2005.08.06"]

1. e4 c5 2. Nf3 Nc6 3. d4 cxd4 4. Nxd4 Nf6 5. Nc3 e5 6. Ndb5 d6 7. Bg5 a6
8. Na3 b5 9. Nd5 Be7 10. Bxf6 Bxf6 11. c3 O-O 12. Nc2 Bg5 13. a4 bxa4 14.
Rxa4 a5 15. Bc4 Rb8 16. Ra2 Kh8 17. Nce3 Be6 18. b3 Qd7 19. O-O g6 20. Kh1
Bh6 21. Rd2 Bg7 22. Nc2 Rfd8 23. Na3 f5 24. f3 Qa7 25. Nb5 Qc5 26. Nbc7 Bc8
27. Na6 Bxa6 28. Bxa6 Bh6 29. Re2 Rf8 30. Bd3 Rb7 31. Ra2 Ne7 32. Bc4 fxe4
33. fxe4 Rxf1+ 34. Qxf1 Nxd5 35. Bxd5 Rb8 1/2-1/2

[Event "American Continental"]
[Site "Buenos Aires ARG"]
[Date "2005.08.12"]
[Round "7"]
[White "Vasquez,R"]
[Black "Cordova,Em"]
[Result "0-1"]
[WhiteElo "2558"]
[BlackElo "2422"]
[EventDate "2005.08.06"]

1. d4 Nf6 2. Nf3 e6 3. e3 b6 4. Bd3 Bb7 5. O-O c5 6. c4 Be7 7. Nc3 h6 8.
Bc2 cxd4 9. exd4 O-O 10. Qd3 d5 11. b3 Nc6 12. a3 dxc4 13. bxc4 Rc8 14. Rd1
Na5 15. Ne5 Nxc4 16. Ng4 Re8 17. Nxh6+ gxh6 18. Qg3+ Kh8 19. Qf4 Bf8 20.
Rd3 e5 21. Qh4 Ng8 22. Qh3 exd4 23. Rd1 Qf6 24. Ne4 Bxe4 25. Bxe4 Qe6 0-1

[Event "American Continental"]
[Site "Buenos Aires ARG"]
[Date "2005.08.12"]
[Round "7"]
[White "Nogueiras,J"]
[Black "Claverie,R"]
[Result "1-0"]
[WhiteElo "2541"]
[BlackElo "2388"]
[EventDate "2005.08.06"]

1. c4 f5 2. Nc3 Nf6 3. g3 e6 4. Bg2 c6 5. Nf3 d5 6. b3 Bd6 7. cxd5 exd5 8.
e3 O-O 9. Bb2 Nbd7 10. Ne2 a5 11. O-O a4 12. Qc2 Nc5 13. b4 Ne6 14. a3 Qe8
15. Nh4 Ng4 16. h3 Ne5 17. f4 Nc4 18. Bc3 Qh5 19. Nf3 Qh6 20. Qc1 Bb8 21.
Ned4 Nxd4 22. Bxd4 Nd6 23. Kh2 Re8 24. Re1 Re6 25. d3 Bd7 26. Be5 Nb5 27.
Bxb8 Rxb8 28. Ne5 Re7 29. Qc5 Qd6 30. d4 Be8 31. Bf1 b6 32. Qc2 Qe6 33.
Qxa4 Ra7 34. Qb3 Nd6 35. Rec1 Ne4 36. Bd3 Rba8 37. Bxe4 fxe4 38. Rc3 b5 39.
Qb2 Ra4 40. g4 R8a6 41. Rac1 Qc8 42. Rb3 Qa8 43. Rcc3 h6 44. Kg3 Kh7 45. h4
h5 46. g5 Kg8 47. f5 Ra7 48. g6 Qc8 49. Qf2 Kf8 50. Qf4 1-0

[Event "American Continental"]
[Site "Buenos Aires ARG"]
[Date "2005.08.12"]
[Round "7"]
[White "Hobaica,J"]
[Black "Lima,Da"]
[Result "0-1"]
[WhiteElo "2317"]
[BlackElo "2535"]
[EventDate "2005.08.06"]

1. c4 c5 2. Nf3 Nf6 3. Nc3 e6 4. e3 Nc6 5. d4 d5 6. a3 Ne4 7. Qc2 Nxc3 8.
Qxc3 cxd4 9. Nxd4 Nxd4 10. Qxd4 dxc4 11. Qxd8+ Kxd8 12. Bxc4 Bd7 13. Bd2
Rc8 14. Bd3 Bc6 15. f3 Bd6 16. Bc3 Ke7 17. Ke2 h5 18. Kf2 f6 19. h4 Rhd8
20. Bg6 Be8 21. Be4 b6 22. Rac1 Bc5 23. b4 Bd6 24. Bd4 f5 25. Bb1 Rxc1 26.
Rxc1 e5 27. Bc3 g6 28. Bd3 Bf7 29. e4 f4 30. g3 fxg3+ 31. Kxg3 Bb8 32. Bc2
b5 33. Be1 Kf6 34. Bf2 g5 35. Rd1 Rg8 36. hxg5+ Kxg5 37. Be3+ Kf6+ 38. Kh4
Be6 39. Rg1 Rc8 40. Bc5 Bc7 41. Be3 Kf7 42. Bd3 Bd8+ 43. Bg5 Bb6 44. Rf1
Rc3 45. Bxb5 Rxa3 46. Kxh5 Ra2 47. Kh4 Rg2 48. Rh1 Bf2+ 49. Kh5 Kg7 0-1

[Event "American Continental"]
[Site "Buenos Aires ARG"]
[Date "2005.08.12"]
[Round "7"]
[White "Hungaski,R"]
[Black "Arencibia,W"]
[Result "1-0"]
[WhiteElo "2308"]
[BlackElo "2527"]
[EventDate "2005.08.06"]

1. e4 e5 2. Nf3 Nc6 3. Bb5 a6 4. Bxc6 dxc6 5. O-O Qd6 6. Na3 Be6 7. Qe2 f6
8. Rd1 O-O-O 9. d4 Bg4 10. Be3 Qe6 11. dxe5 Rxd1+ 12. Qxd1 Bxa3 13. bxa3
Ne7 14. Nd4 Qd7 15. Qf1 fxe5 16. Nb3 Rd8 17. f3 Be6 18. Nc5 Qd6 19. Rb1
Bxa2 20. Nxb7 Qxa3 21. Bc5 Qa4 22. Nxd8 Bxb1 23. Bxe7 Qd4+ 24. Kh1 Bxc2 25.
Nxc6 Bd3 26. Nxd4 Bxf1 27. Nc2 Kd7 28. Bb4 g6 29. Kg1 1-0

[Event "American Continental"]
[Site "Buenos Aires ARG"]
[Date "2005.08.12"]
[Round "7"]
[White "Mekhitarian,K"]
[Black "Zugic,I"]
[Result "1/2-1/2"]
[WhiteElo "2218"]
[BlackElo "2474"]
[EventDate "2005.08.06"]

1. e4 c5 2. Nf3 Nf6 3. e5 Nd5 4. Nc3 Nxc3 5. dxc3 Nc6 6. Bf4 h6 7. h4 Qc7
8. Qd2 e6 9. h5 b6 10. g4 Bb7 11. Bg2 c4 12. Bg3 a6 13. O-O Ne7 14. Qe2 Nd5
15. Nd2 b5 16. Ne4 1/2-1/2